| 000 | 01739nam0a22003371 4500 | ||
|---|---|---|---|
| 001 | rc\2150281 | ||
| 005 | 20260407100945.0 | ||
| 035 | _a(NLR Aleph) 006635377 | ||
| 090 |
_a7593808 _c7593808 |
||
| 100 | _a20110829d1979 |||y0rusy50 ca | ||
| 101 | 0 | _arus | |
| 102 | _aRU | ||
| 105 | _ay c ||||| | ||
| 200 | 1 |
_aСтандарты и технические условия в издательском деле _eРетросп. указ. _fСост. Семеновкер Б.А. |
|
| 210 |
_aМосква _cКнига _d1979 |
||
| 215 |
_a23 с. _d22 |
||
| 225 | 1 |
_aИздательское дело _eБиблиогр. информ. _fВсесоюз. кн. палата, Центр. бюро НТИ и техн.-экон. исслед. по изд. делу, полигр. пром-сти и кн. торговле |
|
| 300 | _aВ вып. дан. авт.: Семеновкер Борис Арьевич | ||
| 300 | _aСост. указан в вып. дан. | ||
| 309 | _aБез тит. л. и обл. | ||
| 700 | 1 |
_7ca _8rus _aСеменовкер _bБ. А. _f1935- _gБорис Арьевич _9153350 _3RU\NLR\AUTH\770153388 |
|
| 712 | 0 | 2 |
_4570 _aЦентральное бюро научно-технической информации и технико-экономических исследований по полиграфической промышленности, издательскому делу и книжной торговле _cМосква _3RU\NLR\AUTH\889927778 _9351171 |
| 801 | 0 |
_aRU _bNLR _gpsbo |
|
| 801 | 1 |
_aRU _bELAR _2rusmarc |
|
| 852 |
_aNLR _jПт 10.1/925-79 |
||
| 899 |
_aRuMoRGB _jB 79-44/1370 |
||
| 899 |
_aRuMoRGB _jB 79-44/1371 |
||
| 899 |
_aRuMoRGB _jКБ |
||
| 942 | _cBOOK | ||
| 980 | _aNB | ||